00471nam a2200145Ia 4500008004100000245009600041260001800137260000900155300000800164500001000172650001300182856003800195999001900233952007300252170516s9999 xx 000 0 und d aVenetoclax (ABT-199) Might Act as a Perpetrator in Pharmacokinetic Drug–Drug Interactions bPharmaceutics c2016 a8:1 aMarch xPharmacy uhttp://www.mdpi.com/1999-4923/8/1 c332010d332010 001040aCLbCLd2017-05-16l0r2017-05-16 00:00:00w2017-05-16yFOJ